000 00922nam a2200253 a 4500
001 37223
003 BD-RjUL
005 20211209052606.0
008 141116s1986 enk 000 0 eng d
020 _a0194423913
035 _aCURL 018805005088(Cam) from mvsc183
_a(BD-RjUL)37325
040 _aBD-RjUL
_beng
_cBD-RjUL
_dBD-RjUL
041 _aeng
082 _219
_a574.5264209595
_bWHT 1986
100 1 _aWhitmore, T. C.
_q(Timothy Charles)
_9114008
245 1 0 _aTropical rain forests of the Far East /
_cT.C. Whitmore ; with a chapter on soils by C.P. Burnham
250 _a2nd ed
260 _aOxford :
_bEnglish Language Book Society ;
_aOxford :
_bOxford University Press,
_c1986.
300 _a352p. :
_bill.;
_c25 cm.
504 _aIncludes bibliographical references and index.
650 _a Rain forest ecology |
_zSoutheast Asia
_9114009
650 _aRain forests
_zSoutheast Asia.
_9114010
942 _2ddc
_cBK
999 _c37223
_d37223